00634nam a2200169 a 4500008004100000020001500041050001400056100002100070245003700091260004000128350000900168650003000177650001500207995009500222999001700317952013000334120416s1996 ||||||||||||||||| || u a075062356X aHD 31 Bel aBelbin, Meredith14aThe coming shape of organisation aOxfordbButterworth-Heinemannc1996 a0.00 aORGANIZATIONS--MANAGEMENT 0aMANAGEMENT D0.00FCBU-MAIN LIBRARY (Kitwe)H1I0.00M1UAVAILABLEZMain Library Open Access Collection c37774d37774 00102lcc4070a001b001cMain Library Open Access Collectiond2022-11-30l0oHD 31 Belp027386r2022-11-30w2022-11-30y002